Movies Quiz

Random Movies or State Quiz

Films of the 50 States Quiz Stats

 Plays Quiz not verified by Sporcle

Challenge
Share
Tweet
Embed
Score 0/50 Timer 12:00
0 Plays Today
Film Title State % Correct
Ocean's Eleven (2001)NV
86%
Scarface (1983)FL
83.7%
South Park: Bigger, Longer, & Uncut (1999)CO
82.6%
Field of Dreams (1989)IA
82.6%
Forgetting Sarah Marshall (2008)HI
81.4%
Milk (2008)CA
80.2%
Friday Night Lights (2004)TX
80.2%
Home Alone (1990)IL
76.7%
3:10 to Yuma (1957 and 2007)AZ
75.6%
The Blind Side (2009)TN
74.4%
The Fighter (2010)MA
68.6%
Napoleon Dynamite (2004)ID
68.6%
O Brother, Where Art Thou? (2000)MS
68.6%
Dead Poets' Society (1989)Vermont
67.4%
Driving Miss Daisy (1989)GA
67.4%
Into the Wild (2007)AK
67.4%
Stand by Me (1986)OR
66.3%
The Patriot (2000)SC
66.3%
127 Hours (2010)UT
65.1%
My Cousin Vinny (1992)AL
61.6%
The Mighty Ducks (1992)MN
59.3%
The Stepford Wives (1975 and 2004)CT
58.1%
American Pie (1999)MI
58.1%
Harold & Kumar Go to White Castle (2004)NJ
58.1%
Bury My Heart at Wounded Knee (2007)SD
57%
Film Title State % Correct
In Cold Blood (1967)KS
52.3%
Tommy Boy (1995)OH
52.3%
The Laramie Project (2002)WY
52.3%
The Green Mile (1999)LA
51.2%
Children of the Corn (1984)NE
48.8%
October Sky (1999)WV
48.8%
Sling Blade (1996)AR
47.7%
Legends of the Fall (1994)MT
46.5%
Cold Mountain (2003)NC
46.5%
Wedding Crashers (2005)MD
44.2%
The Outsiders (1983)OK
44.2%
Eternal Sunshine of the Spotless Mind (2004)NY
40.7%
Fight Club (1999)DE
39.5%
High School Musical (2006)NM
39.5%
Winter's Bone (2010)Missouri
38.4%
Dark Shadows (2012)ME
37.2%
Zack and Miri Make a Porno (2008)PA
37.2%
Goldfinger (1964)KY
37.2%
Eight Crazy Nights (2002)NH
33.7%
The Ring (2002)WA
32.6%
A History of Violence (2005)IN
30.2%
Donnie Darko (2001)VA
27.9%
Lars and the Real Girl (2007)WI
25.6%
Leprechaun (1993)ND
25.6%
Osmosis Jones (2001)RI
19.8%

You're not logged in!

Compare scores with friends on all Sporcle quizzes.
OR
Log In

You Might Also Like...

Show Comments

Extras

Created May 25, 2012ReportNominate
Tags:State Quiz, set

Top Quizzes Today


Score Distribution

Your Account Isn't Verified!

In order to create a playlist on Sporcle, you need to verify the email address you used during registration. Go to your Sporcle Settings to finish the process.

Report this User

Report this user for behavior that violates our Community Guidelines.

Details: